[Event "Hoogeveen Open"]
[Site "Hoogeveen, Netherlands"]
[Date "2018.10.20"]
[Round "1.7"]
[White "Clemens, Adrian"]
[Black "Pruijssers, Roeland"]
[Result "0-1"]
[WhiteElo "2153"]
[BlackElo "2501"]

1. d4 {[%clk 01:30:53]} {[%emt 00:00:07]} f5 {[%clk 01:30:51]} {[%emt
00:00:08]} 2. g3 {[%clk 01:30:51]} {[%emt 00:00:34]} Nf6 {[%clk 01:31:13]}
{[%emt 00:00:07]} 3. Bg2 {[%clk 01:31:16]} {[%emt 00:00:05]} g6 {[%clk
01:31:36]} {[%emt 00:00:07]} 4. Nf3 {[%clk 01:31:28]} {[%emt 00:00:18]} Bg7
{[%clk 01:31:57]} {[%emt 00:00:09]} 5. O-O {[%clk 01:31:48]} {[%emt 00:00:11]}
O-O {[%clk 01:32:18]} {[%emt 00:00:08]} 6. b3 {[%clk 01:31:40]} {[%emt
00:00:39]} e6 {[%clk 01:27:34]} {[%emt 00:05:14]} 7. Bb2 {[%clk 01:31:04]}
{[%emt 00:01:06]} d6 {[%clk 01:24:49]} {[%emt 00:03:15]} 8. c4 {[%clk
01:28:19]} {[%emt 00:03:14]} Qe7 {[%clk 01:15:38]} {[%emt 00:09:41]} 9. Nc3
{[%clk 01:24:34]} {[%emt 00:04:16]} c6 {[%clk 01:15:36]} {[%emt 00:00:32]} 10.
Qc2 {[%clk 01:15:26]} {[%emt 00:09:38]} e5 {[%clk 01:10:48]} {[%emt 00:05:17]}
11. dxe5 {[%clk 01:12:22]} {[%emt 00:03:34]} dxe5 {[%clk 01:11:10]} {[%emt
00:00:08]} 12. e4 {[%clk 01:12:24]} {[%emt 00:00:28]} f4 {[%clk 01:11:16]}
{[%emt 00:00:25]} 13. Qc1 {[%clk 00:48:30]} {[%emt 00:24:24]} Qc7 {[%clk
01:00:57]} {[%emt 00:10:48]} 14. Ba3 {[%clk 00:45:55]} {[%emt 00:03:06]} Re8
{[%clk 00:58:33]} {[%emt 00:02:53]} 15. Rd1 {[%clk 00:37:26]} {[%emt 00:09:00]}
fxg3 {[%clk 00:53:26]} {[%emt 00:05:37]} 16. hxg3 {[%clk 00:36:47]} {[%emt
00:01:09]} Ng4 {[%clk 00:53:47]} {[%emt 00:00:09]} 17. Bd6 {[%clk 00:32:10]}
{[%emt 00:05:08]} Qf7 {[%clk 00:53:45]} {[%emt 00:00:31]} 18. Qc2 {[%clk
00:29:10]} {[%emt 00:03:31]} Nd7 {[%clk 00:44:56]} {[%emt 00:09:18]} 19. Qe2
{[%clk 00:25:41]} {[%emt 00:04:00]} Nf8 {[%clk 00:43:35]} {[%emt 00:01:49]} 20.
c5 {[%clk 00:23:38]} {[%emt 00:02:35]} Nh6 {[%clk 00:38:32]} {[%emt 00:05:32]}
21. Nh2 {[%clk 00:21:15]} {[%emt 00:02:54]} Ne6 {[%clk 00:38:12]} {[%emt
00:00:49]} 22. Qc4 {[%clk 00:20:38]} {[%emt 00:01:07]} Nd4 {[%clk 00:37:01]}
{[%emt 00:01:40]} 23. Qxf7+ {[%clk 00:20:17]} {[%emt 00:00:52]} Nxf7 {[%clk
00:37:23]} {[%emt 00:00:08]} 24. Bc7 {[%clk 00:13:20]} {[%emt 00:07:28]} Ne6
{[%clk 00:22:52]} {[%emt 00:15:00]} 25. Ba5 {[%clk 00:13:03]} {[%emt 00:00:47]}
Nxc5 {[%clk 00:23:00]} {[%emt 00:00:22]} 26. Ne2 {[%clk 00:12:37]} {[%emt
00:00:56]} b6 {[%clk 00:21:23]} {[%emt 00:02:07]} 27. Bc3 {[%clk 00:12:24]}
{[%emt 00:00:43]} Ba6 {[%clk 00:21:24]} {[%emt 00:00:29]} 28. Kf1 {[%clk
00:08:50]} {[%emt 00:04:04]} Ng5 {[%clk 00:18:28]} {[%emt 00:03:26]} 29. f3
{[%clk 00:08:54]} {[%emt 00:00:27]} Rf8 {[%clk 00:18:45]} {[%emt 00:00:12]} 30.
Ke1 {[%clk 00:08:04]} {[%emt 00:01:20]} Nd3+ {[%clk 00:19:07]} {[%emt
00:00:08]} 31. Kd2 {[%clk 00:08:29]} {[%emt 00:00:05]} Nxe4+ {[%clk 00:15:43]}
{[%emt 00:03:54]} 32. fxe4 {[%clk 00:07:51]} {[%emt 00:01:08]} Rf2 {[%clk
00:16:09]} {[%emt 00:00:03]} 0-1

[Event "Hoogeveen Open"]
[Site "Hoogeveen, Netherlands"]
[Date "2018.10.20"]
[Round "1.9"]
[White "Pham, Khoi"]
[Black "Kuipers, Stefan"]
[Result "0-1"]
[WhiteElo "2153"]
[BlackElo "2467"]

1. e4 {[%clk 01:30:58]} {[%emt 00:00:01]} e6 {[%clk 01:30:55]} {[%emt
00:00:06]} 2. d4 {[%clk 01:31:21]} {[%emt 00:00:07]} d5 {[%clk 01:31:19]}
{[%emt 00:00:05]} 3. Nc3 {[%clk 01:31:46]} {[%emt 00:00:06]} Nf6 {[%clk
01:31:42]} {[%emt 00:00:06]} 4. e5 {[%clk 01:32:10]} {[%emt 00:00:07]} Nfd7
{[%clk 01:32:06]} {[%emt 00:00:06]} 5. f4 {[%clk 01:32:30]} {[%emt 00:00:10]}
c5 {[%clk 01:32:31]} {[%emt 00:00:05]} 6. Nf3 {[%clk 01:32:51]} {[%emt
00:00:08]} Nc6 {[%clk 01:32:55]} {[%emt 00:00:06]} 7. Be3 {[%clk 01:33:14]}
{[%emt 00:00:07]} a6 {[%clk 01:33:19]} {[%emt 00:00:07]} 8. Qd2 {[%clk
01:33:29]} {[%emt 00:00:15]} b5 {[%clk 01:33:40]} {[%emt 00:00:08]} 9. dxc5
{[%clk 01:33:04]} {[%emt 00:00:56]} Bxc5 {[%clk 01:34:02]} {[%emt 00:00:07]} 10.
Bxc5 {[%clk 01:33:25]} {[%emt 00:00:09]} Nxc5 {[%clk 01:34:26]} {[%emt
00:00:06]} 11. Qf2 {[%clk 01:33:42]} {[%emt 00:00:14]} Qb6 {[%clk 01:23:28]}
{[%emt 00:11:28]} 12. Ne2 {[%clk 01:25:03]} {[%emt 00:09:09]} Qa5+ {[%clk
01:15:18]} {[%emt 00:08:40]} 13. c3 {[%clk 01:21:54]} {[%emt 00:03:39]} Nd3+
{[%clk 01:15:41]} {[%emt 00:00:06]} 0-1

[Event "Hoogeveen Open"]
[Site "Hoogeveen, Netherlands"]
[Date "2018.10.20"]
[Round "1.10"]
[White "Kevlishvili, Robby"]
[Black "Dev, Shah"]
[Result "1-0"]
[WhiteElo "2461"]
[BlackElo "2146"]

1. e4 {[%clk 01:30:57]} {[%emt 00:00:02]} e5 {[%clk 01:29:40]} {[%emt
00:01:20]} 2. Nf3 {[%clk 01:31:22]} {[%emt 00:00:05]} Nc6 {[%clk 01:29:48]}
{[%emt 00:00:22]} 3. Bb5 {[%clk 01:31:47]} {[%emt 00:00:05]} a6 {[%clk
01:30:09]} {[%emt 00:00:09]} 4. Ba4 {[%clk 01:32:13]} {[%emt 00:00:04]} Nf6
{[%clk 01:30:29]} {[%emt 00:00:09]} 5. O-O {[%clk 01:32:35]} {[%emt 00:00:08]}
Nxe4 {[%clk 01:30:55]} {[%emt 00:00:04]} 6. d4 {[%clk 01:32:43]} {[%emt
00:00:21]} b5 {[%clk 01:31:23]} {[%emt 00:00:02]} 7. Bb3 {[%clk 01:33:07]}
{[%emt 00:00:07]} d5 {[%clk 01:31:48]} {[%emt 00:00:05]} 8. dxe5 {[%clk
01:33:31]} {[%emt 00:00:06]} Be6 {[%clk 01:32:10]} {[%emt 00:00:09]} 9. Be3
{[%clk 01:22:59]} {[%emt 00:11:02]} Bc5 {[%clk 01:24:52]} {[%emt 00:07:47]} 10.
Bxc5 {[%clk 01:16:28]} {[%emt 00:07:01]} Nxc5 {[%clk 01:25:20]} {[%emt
00:00:03]} 11. Nd4 {[%clk 01:14:41]} {[%emt 00:02:17]} Nxd4 {[%clk 01:18:21]}
{[%emt 00:07:28]} 12. Qxd4 {[%clk 01:13:51]} {[%emt 00:01:20]} Nxb3 {[%clk
01:16:01]} {[%emt 00:02:50]} 13. axb3 {[%clk 01:12:26]} {[%emt 00:01:56]} O-O
{[%clk 01:12:21]} {[%emt 00:04:09]} 14. Nd2 {[%clk 01:12:13]} {[%emt 00:00:44]}
a5 {[%clk 01:00:53]} {[%emt 00:11:58]} 15. Qc5 {[%clk 01:09:28]} {[%emt
00:03:15]} Qd7 {[%clk 00:58:51]} {[%emt 00:02:31]} 16. Nf3 {[%clk 01:08:17]}
{[%emt 00:01:42]} a4 {[%clk 00:45:33]} {[%emt 00:13:48]} 17. b4 {[%clk
01:03:58]} {[%emt 00:04:50]} c6 {[%clk 00:30:59]} {[%emt 00:15:03]} 18. Nd4
{[%clk 01:04:08]} {[%emt 00:00:20]} Rfc8 {[%clk 00:29:49]} {[%emt 00:01:40]} 19.
Ra3 {[%clk 01:01:21]} {[%emt 00:03:17]} Qa7 {[%clk 00:27:30]} {[%emt 00:02:49]}
20. Rc3 {[%clk 00:49:22]} {[%emt 00:12:29]} Qxc5 {[%clk 00:23:14]} {[%emt
00:04:47]} 21. Rxc5 {[%clk 00:49:46]} {[%emt 00:00:05]} Bd7 {[%clk 00:17:35]}
{[%emt 00:06:08]} 22. Ra1 {[%clk 00:46:24]} {[%emt 00:03:52]} Ra6 {[%clk
00:15:43]} {[%emt 00:02:23]} 23. f4 {[%clk 00:38:22]} {[%emt 00:08:31]} Kf8
{[%clk 00:15:37]} {[%emt 00:00:37]} 24. Ra3 {[%clk 00:36:52]} {[%emt 00:02:00]}
Rca8 {[%clk 00:10:42]} {[%emt 00:05:24]} 25. Kf2 {[%clk 00:36:57]} {[%emt
00:00:25]} Ke7 {[%clk 00:08:29]} {[%emt 00:02:44]} 26. Kf3 {[%clk 00:31:46]}
{[%emt 00:05:41]} h5 {[%clk 00:07:01]} {[%emt 00:01:57]} 27. Kg3 {[%clk
00:31:32]} {[%emt 00:00:45]} g6 {[%clk 00:03:42]} {[%emt 00:03:49]} 28. Kh4
{[%clk 00:31:54]} {[%emt 00:00:07]} f6 {[%clk 00:03:30]} {[%emt 00:00:43]} 29.
e6 {[%clk 00:29:48]} {[%emt 00:02:36]} Be8 {[%clk 00:03:35]} {[%emt 00:00:25]}
30. g4 {[%clk 00:26:29]} {[%emt 00:03:48]} hxg4 {[%clk 00:02:40]} {[%emt
00:01:25]} 31. Kxg4 {[%clk 00:26:41]} {[%emt 00:00:19]} R8a7 {[%clk 00:02:08]}
{[%emt 00:01:02]} 32. Rh3 {[%clk 00:22:41]} {[%emt 00:04:29]} Kd6 {[%clk
00:00:31]} {[%emt 00:02:08]} 33. Rh8 {[%clk 00:20:30]} {[%emt 00:02:40]} Re7
{[%clk 00:00:32]} {[%emt 00:00:29]} 34. Rf8 {[%clk 00:18:52]} {[%emt 00:02:08]}
f5+ {[%clk 00:00:40]} {[%emt 00:00:24]} 35. Kg5 {[%clk 00:19:11]} {[%emt
00:00:10]} a3 {[%clk 00:00:36]} {[%emt 00:00:34]} 36. bxa3 {[%clk 00:19:34]}
{[%emt 00:00:07]} Rxa3 {[%clk 00:00:59]} {[%emt 00:00:07]} 37. Kf6 {[%clk
00:19:00]} {[%emt 00:01:04]} Ra6 {[%clk 00:01:28]} {[%emt 00:00:02]} 38. h4
{[%clk 00:19:17]} {[%emt 00:00:12]} Rb6 {[%clk 00:01:22]} {[%emt 00:00:35]} 39.
h5 {[%clk 00:19:39]} {[%emt 00:00:08]} 1-0

[Event "Hoogeveen Open"]
[Site "Hoogeveen, Netherlands"]
[Date "2018.10.20"]
[Round "1.11"]
[White "Mellema, Andries"]
[Black "Beerdsen, Thomas"]
[Result "0-1"]
[WhiteElo "2140"]
[BlackElo "2460"]

1. e4 {[%clk 01:30:17]} {[%emt 00:00:42]} c5 {[%clk 01:30:54]} {[%emt
00:00:06]} 2. b3 {[%clk 01:28:54]} {[%emt 00:01:53]} e6 {[%clk 01:29:25]}
{[%emt 00:01:59]} 3. Bb2 {[%clk 01:25:58]} {[%emt 00:03:26]} b6 {[%clk
01:29:43]} {[%emt 00:00:12]} 4. g3 {[%clk 01:21:03]} {[%emt 00:05:25]} Bb7
{[%clk 01:29:47]} {[%emt 00:00:26]} 5. Bg2 {[%clk 01:21:27]} {[%emt 00:00:06]}
Nf6 {[%clk 01:29:39]} {[%emt 00:00:37]} 6. d3 {[%clk 01:14:17]} {[%emt
00:07:40]} d5 {[%clk 01:29:23]} {[%emt 00:00:46]} 7. exd5 {[%clk 01:09:24]}
{[%emt 00:05:24]} Bxd5 {[%clk 01:29:10]} {[%emt 00:00:43]} 8. Bxd5 {[%clk
01:08:55]} {[%emt 00:00:59]} Qxd5 {[%clk 01:27:41]} {[%emt 00:01:59]} 9. Qf3
{[%clk 01:06:19]} {[%emt 00:03:06]} Nc6 {[%clk 01:27:39]} {[%emt 00:00:31]} 10.
Nc3 {[%clk 01:00:21]} {[%emt 00:06:28]} Qd7 {[%clk 01:23:47]} {[%emt 00:04:22]}
11. Nge2 {[%clk 00:49:40]} {[%emt 00:11:10]} Rc8 {[%clk 01:21:28]} {[%emt
00:02:50]} 12. Ne4 {[%clk 00:42:51]} {[%emt 00:07:19]} Nd5 {[%clk 01:13:44]}
{[%emt 00:08:14]} 13. Rc1 {[%clk 00:29:16]} {[%emt 00:14:05]} e5 {[%clk
01:12:04]} {[%emt 00:02:10]} 14. O-O {[%clk 00:22:33]} {[%emt 00:07:13]} Be7
{[%clk 01:11:08]} {[%emt 00:01:25]} 15. Qh5 {[%clk 00:11:32]} {[%emt 00:11:32]}
O-O {[%clk 01:04:36]} {[%emt 00:07:03]} 16. Ng5 {[%clk 00:06:56]} {[%emt
00:05:06]} Nf6 {[%clk 01:02:16]} {[%emt 00:02:49]} 17. Qh3 {[%clk 00:05:56]}
{[%emt 00:01:30]} Nd4 {[%clk 00:58:44]} {[%emt 00:04:02]} 18. Nxd4 {[%clk
00:05:19]} {[%emt 00:01:07]} cxd4 {[%clk 00:58:31]} {[%emt 00:00:44]} 19. c3
{[%clk 00:01:40]} {[%emt 00:04:09]} dxc3 {[%clk 00:57:23]} {[%emt 00:01:37]} 20.
Rxc3 {[%clk 00:01:55]} {[%emt 00:00:16]} Rxc3 {[%clk 00:57:21]} {[%emt
00:00:32]} 21. Bxc3 {[%clk 00:02:19]} {[%emt 00:00:06]} Qxd3 {[%clk 00:56:16]}
{[%emt 00:01:34]} 22. Bxe5 {[%clk 00:00:36]} {[%emt 00:02:14]} h6 {[%clk
00:56:40]} {[%emt 00:00:05]} 23. g4 {[%clk 00:01:03]} {[%emt 00:00:04]} Qxh3
{[%clk 00:56:18]} {[%emt 00:00:52]} 24. Nxh3 {[%clk 00:01:19]} {[%emt
00:00:13]} Nxg4 {[%clk 00:56:43]} {[%emt 00:00:05]} 25. Bg3 {[%clk 00:01:19]}
{[%emt 00:00:31]} Rd8 {[%clk 00:56:23]} {[%emt 00:00:49]} 26. Rc1 {[%clk
00:01:22]} {[%emt 00:00:28]} Bc5 {[%clk 00:55:38]} {[%emt 00:01:14]} 27. Rc2
{[%clk 00:01:39]} {[%emt 00:00:13]} g5 {[%clk 00:55:35]} {[%emt 00:00:33]} 28.
Kh1 {[%clk 00:00:36]} {[%emt 00:01:34]} f5 {[%clk 00:55:56]} {[%emt 00:00:08]}
29. f3 {[%clk 00:00:55]} {[%emt 00:00:11]} Rd1+ {[%clk 00:56:20]} {[%emt
00:00:06]} 0-1

[Event "Hoogeveen Open"]
[Site "Hoogeveen, Netherlands"]
[Date "2018.10.20"]
[Round "1.12"]
[White "Karthikeyan, P."]
[Black "Vroombout, Enrico"]
[Result "1-0"]
[WhiteElo "2443"]
[BlackElo "2132"]

1. e4 {[%clk 01:30:53]} {[%emt 00:00:06]} e6 {[%clk 01:30:27]} {[%emt
00:00:35]} 2. d4 {[%clk 01:31:12]} {[%emt 00:00:10]} d5 {[%clk 01:30:54]}
{[%emt 00:00:04]} 3. Nd2 {[%clk 01:31:23]} {[%emt 00:00:18]} Nf6 {[%clk
01:31:14]} {[%emt 00:00:10]} 4. e5 {[%clk 01:31:46]} {[%emt 00:00:07]} Nfd7
{[%clk 01:31:41]} {[%emt 00:00:03]} 5. Bd3 {[%clk 01:31:28]} {[%emt 00:00:48]}
c5 {[%clk 01:32:07]} {[%emt 00:00:05]} 6. c3 {[%clk 01:31:52]} {[%emt
00:00:05]} Nc6 {[%clk 01:32:29]} {[%emt 00:00:08]} 7. Ne2 {[%clk 01:32:08]}
{[%emt 00:00:14]} cxd4 {[%clk 01:32:51]} {[%emt 00:00:08]} 8. cxd4 {[%clk
01:32:33]} {[%emt 00:00:06]} f6 {[%clk 01:33:12]} {[%emt 00:00:09]} 9. exf6
{[%clk 01:32:31]} {[%emt 00:00:31]} Nxf6 {[%clk 01:33:37]} {[%emt 00:00:05]} 10.
Nf3 {[%clk 01:32:11]} {[%emt 00:00:49]} Bd6 {[%clk 01:34:03]} {[%emt 00:00:05]}
11. O-O {[%clk 01:31:59]} {[%emt 00:00:42]} O-O {[%clk 01:34:30]} {[%emt
00:00:04]} 12. Bf4 {[%clk 01:30:13]} {[%emt 00:02:15]} Nh5 {[%clk 01:34:38]}
{[%emt 00:00:22]} 13. Bxd6 {[%clk 01:25:37]} {[%emt 00:05:06]} Qxd6 {[%clk
01:35:05]} {[%emt 00:00:04]} 14. Qd2 {[%clk 01:25:10]} {[%emt 00:00:56]} Bd7
{[%clk 01:30:28]} {[%emt 00:05:07]} 15. Rfe1 {[%clk 01:23:25]} {[%emt
00:02:14]} a6 {[%clk 01:21:26]} {[%emt 00:09:33]} 16. Qe3 {[%clk 01:15:15]}
{[%emt 00:08:39]} Nf4 {[%clk 01:14:52]} {[%emt 00:07:05]} 17. Nxf4 {[%clk
01:12:30]} {[%emt 00:03:15]} Rxf4 {[%clk 01:11:39]} {[%emt 00:03:44]} 18. g3
{[%clk 01:07:02]} {[%emt 00:05:57]} Rxf3 {[%clk 00:46:14]} {[%emt 00:25:55]} 19.
Qxf3 {[%clk 01:07:27]} {[%emt 00:00:05]} Nxd4 {[%clk 00:46:39]} {[%emt
00:00:05]} 20. Qh5 {[%clk 01:05:46]} {[%emt 00:02:11]} h6 {[%clk 00:47:01]}
{[%emt 00:00:08]} 21. Kg2 {[%clk 01:02:49]} {[%emt 00:03:26]} Rf8 {[%clk
00:13:03]} {[%emt 00:34:29]} 22. Rad1 {[%clk 01:02:05]} {[%emt 00:01:13]} Qb4
{[%clk 00:10:43]} {[%emt 00:02:51]} 23. b3 {[%clk 01:00:13]} {[%emt 00:02:22]}
Qa3 {[%clk 00:10:06]} {[%emt 00:01:07]} 24. Qg6 {[%clk 00:56:16]} {[%emt
00:04:27]} Rf6 {[%clk 00:07:06]} {[%emt 00:03:29]} 25. Qh7+ {[%clk 00:55:32]}
{[%emt 00:01:14]} Kf7 {[%clk 00:07:23]} {[%emt 00:00:14]} 26. Bg6+ {[%clk
00:54:38]} {[%emt 00:01:23]} Rxg6 {[%clk 00:07:48]} {[%emt 00:00:05]} 27. Rxd4
{[%clk 00:55:04]} {[%emt 00:00:04]} Qxa2 {[%clk 00:05:01]} {[%emt 00:03:18]} 28.
Rf4+ {[%clk 00:54:39]} {[%emt 00:00:54]} Rf6 {[%clk 00:05:27]} {[%emt
00:00:05]} 29. Rxf6+ {[%clk 00:54:47]} {[%emt 00:00:22]} Kxf6 {[%clk 00:05:54]}
{[%emt 00:00:03]} 30. Re3 {[%clk 00:54:48]} {[%emt 00:00:28]} Qb2 {[%clk
00:04:55]} {[%emt 00:01:30]} 31. Rf3+ {[%clk 00:44:50]} {[%emt 00:10:28]} Ke7
{[%clk 00:05:20]} {[%emt 00:00:06]} 32. Qg8 {[%clk 00:45:16]} {[%emt 00:00:03]}
Be8 {[%clk 00:03:13]} {[%emt 00:02:37]} 33. Qf8+ {[%clk 00:43:16]} {[%emt
00:02:28]} Kd7 {[%clk 00:03:40]} {[%emt 00:00:04]} 34. Qb4 {[%clk 00:43:21]}
{[%emt 00:00:24]} b5 {[%clk 00:02:31]} {[%emt 00:01:40]} 35. Qc5 {[%clk
00:36:01]} {[%emt 00:07:50]} Bg6 {[%clk 00:02:35]} {[%emt 00:00:27]} 36. Rf8
{[%clk 00:26:02]} {[%emt 00:10:28]} Be4+ {[%clk 00:01:47]} {[%emt 00:01:18]} 37.
Kh3 {[%clk 00:26:19]} {[%emt 00:00:13]} Bf5+ {[%clk 00:02:06]} {[%emt
00:00:11]} 38. Kh4 {[%clk 00:21:34]} {[%emt 00:05:14]} Bg6 {[%clk 00:01:49]}
{[%emt 00:00:47]} 39. Qa7+ {[%clk 00:19:55]} {[%emt 00:02:10]} Kd6 {[%clk
00:01:19]} {[%emt 00:01:00]} 40. Rd8+ {[%clk 00:20:15]} {[%emt 00:00:10]} Kc6
{[%clk 00:01:43]} {[%emt 00:00:06]} 41. Rc8+ {[%clk 00:20:34]} {[%emt
00:00:11]} 1-0

[Event "Hoogeveen Open"]
[Site "Hoogeveen, Netherlands"]
[Date "2018.10.20"]
[Round "1.13"]
[White "Thrish, Karthik"]
[Black "Shyaamnikhil, P"]
[Result "1/2-1/2"]
[WhiteElo "2116"]
[BlackElo "2429"]

1. d4 {[%clk 01:30:42]} {[%emt 00:00:19]} c5 {[%clk 01:29:27]} {[%emt
00:01:33]} 2. d5 {[%clk 01:30:18]} {[%emt 00:00:54]} g6 {[%clk 01:29:40]}
{[%emt 00:00:17]} 3. e4 {[%clk 01:29:29]} {[%emt 00:01:19]} Bg7 {[%clk
01:30:03]} {[%emt 00:00:06]} 4. Nf3 {[%clk 01:28:53]} {[%emt 00:01:06]} d6
{[%clk 01:29:44]} {[%emt 00:00:50]} 5. Be2 {[%clk 01:26:38]} {[%emt 00:02:45]}
Nf6 {[%clk 01:24:04]} {[%emt 00:06:10]} 6. Nc3 {[%clk 01:26:45]} {[%emt
00:00:23]} O-O {[%clk 01:24:26]} {[%emt 00:00:07]} 7. Nd2 {[%clk 01:23:07]}
{[%emt 00:04:08]} Nbd7 {[%clk 01:20:03]} {[%emt 00:04:53]} 8. O-O {[%clk
01:19:26]} {[%emt 00:04:11]} Ne8 {[%clk 01:18:12]} {[%emt 00:02:21]} 9. a4
{[%clk 01:14:17]} {[%emt 00:05:40]} e6 {[%clk 01:16:49]} {[%emt 00:01:52]} 10.
Nc4 {[%clk 01:08:12]} {[%emt 00:06:36]} Ne5 {[%clk 01:14:20]} {[%emt 00:02:59]}
11. Ne3 {[%clk 01:02:01]} {[%emt 00:06:41]} exd5 {[%clk 01:14:16]} {[%emt
00:00:33]} 12. Ncxd5 {[%clk 00:59:21]} {[%emt 00:03:10]} Nc6 {[%clk 01:13:05]}
{[%emt 00:01:41]} 13. c3 {[%clk 00:53:06]} {[%emt 00:06:45]} Ne7 {[%clk
01:13:05]} {[%emt 00:00:30]} 14. Bc4 {[%clk 00:48:44]} {[%emt 00:04:52]} Nc7
{[%clk 01:09:54]} {[%emt 00:03:40]} 15. Nxc7 {[%clk 00:45:14]} {[%emt
00:04:01]} Qxc7 {[%clk 01:10:18]} {[%emt 00:00:06]} 16. Nd5 {[%clk 00:45:01]}
{[%emt 00:00:42]} Nxd5 {[%clk 01:10:42]} {[%emt 00:00:07]} 17. Bxd5 {[%clk
00:45:28]} {[%emt 00:00:03]} Be6 {[%clk 01:05:35]} {[%emt 00:05:36]} 18. Bf4
{[%clk 00:39:49]} {[%emt 00:06:09]} Rfe8 {[%clk 01:05:21]} {[%emt 00:00:44]} 19.
a5 {[%clk 00:35:54]} {[%emt 00:04:27]} Rab8 {[%clk 01:01:40]} {[%emt 00:04:10]}
20. a6 {[%clk 00:27:20]} {[%emt 00:09:04]} Bxd5 {[%clk 00:59:14]} {[%emt
00:02:55]} 21. Qxd5 {[%clk 00:23:41]} {[%emt 00:04:09]} Be5 {[%clk 00:59:35]}
{[%emt 00:00:09]} 22. Bc1 {[%clk 00:21:17]} {[%emt 00:02:54]} b5 {[%clk
00:59:02]} {[%emt 00:01:04]} 23. Be3 {[%clk 00:17:29]} {[%emt 00:04:18]} Rb6
{[%clk 00:56:33]} {[%emt 00:02:58]} 24. f4 {[%clk 00:14:51]} {[%emt 00:03:08]}
Bg7 {[%clk 00:56:45]} {[%emt 00:00:18]} 25. e5 {[%clk 00:13:49]} {[%emt
00:01:33]} dxe5 {[%clk 00:53:01]} {[%emt 00:04:13]} 26. Qxc5 {[%clk 00:12:00]}
{[%emt 00:02:19]} Qxc5 {[%clk 00:52:16]} {[%emt 00:01:16]} 27. Bxc5 {[%clk
00:12:24]} {[%emt 00:00:06]} Rc6 {[%clk 00:52:43]} {[%emt 00:00:03]} 28. Bxa7
{[%clk 00:10:18]} {[%emt 00:02:36]} Ra8 {[%clk 00:53:06]} {[%emt 00:00:06]} 29.
Be3 {[%clk 00:09:15]} {[%emt 00:01:33]} Rcxa6 {[%clk 00:53:27]} {[%emt
00:00:10]} 30. Rxa6 {[%clk 00:09:07]} {[%emt 00:00:38]} Rxa6 {[%clk 00:53:52]}
{[%emt 00:00:05]} 31. fxe5 {[%clk 00:08:16]} {[%emt 00:01:21]} Bxe5 {[%clk
00:54:00]} {[%emt 00:00:22]} 32. Bf4 {[%clk 00:08:02]} {[%emt 00:00:43]} Bg7
{[%clk 00:51:03]} {[%emt 00:03:28]} 33. Rd1 {[%clk 00:06:34]} {[%emt 00:01:58]}
h6 {[%clk 00:51:18]} {[%emt 00:00:15]} 34. Rd5 {[%clk 00:04:36]} {[%emt
00:02:27]} Ra1+ {[%clk 00:49:29]} {[%emt 00:02:19]} 35. Kf2 {[%clk 00:05:00]}
{[%emt 00:00:07]} Ra2 {[%clk 00:49:54]} {[%emt 00:00:05]} 36. Rxb5 {[%clk
00:04:52]} {[%emt 00:00:38]} Bxc3 {[%clk 00:50:16]} {[%emt 00:00:08]} 37. Bxh6
{[%clk 00:05:03]} {[%emt 00:00:18]} Rxb2+ {[%clk 00:50:29]} {[%emt 00:00:17]}
38. Rxb2 {[%clk 00:05:27]} {[%emt 00:00:06]} Bxb2 {[%clk 00:50:55]} {[%emt
00:00:04]} 39. Bd2 {[%clk 00:05:37]} {[%emt 00:00:20]} 1/2-1/2